[Event "Titled Tuesday intern op 16th Apr Late"]
[Site "Chess.com INT"]
[Date "2024.04.16"]
[Round "1"]
[White "Sjugirov, Sanan"]
[Black "Chyngyz, Sultai"]
[Result "1-0"]
[WhiteElo "2689"]
[BlackElo "1932"]
[PlyCount "69"]
[EventDate "2024.04.16"]
[EventType "swiss (blitz)"]
[EventRounds "11"]
[EventCountry "USA"]
[SourceTitle "CB17_2024"]
[SourceDate "2024.04.24"]
[SourceVersion "1"]
[SourceVersionDate "2024.04.24"]
[SourceQuality "1"]

1. e4 c5 2. Nf3 d6 3. d4 cxd4 4. Nxd4 Nf6 5. Nc3 a6 6. Be3 e6 7. Be2 Be7 8. g4 0-0 9. g5 Nfd7 10. h4 Nc6 11. Qd2 Nc5 12. 0-0-0 Nxd4 13. Bxd4 Qc7 14. h5 b5 15. a3 Bb7 16. f3 d5 17. exd5 Bxd5 18. Kb1 Rad8 19. Qe3 Bc4 20. Bxc4 bxc4 21. g6 f6 22. Bxc5 Bxc5 23. Qxe6+ Kh8 24. Rxd8 Rxd8 25. h6 hxg6 26. Ne4 Bd4 27. c3 Be5 28. hxg7+ Kxg7 29. Qh3 Rd7 30. Qh7+ Kf8 31. Qxg6 Ke7 32. Rh7+ Ke6 33. Qe8+ Re7 34. Qg8+ Kf5 35. Qg4# 1-0

[Event "Titled Tuesday intern op 02nd Apr Late"]
[Site "Chess.com INT"]
[Date "2024.04.02"]
[Round "3"]
[White "Antunez, Soler Luis"]
[Black "Sjugirov, Sanan"]
[Result "0-1"]
[WhiteElo "2200"]
[BlackElo "2689"]
[PlyCount "58"]
[EventDate "2024.04.02"]
[EventType "swiss (blitz)"]
[EventRounds "11"]
[EventCountry "USA"]
[SourceTitle "CB15_2024"]
[SourceDate "2024.04.10"]
[SourceVersion "1"]
[SourceVersionDate "2024.04.10"]
[SourceQuality "1"]

1. e4 c5 2. Nf3 Nc6 3. Bb5 e6 4. c3 Nf6 5. e5 Nd5 6. d4 cxd4 7. Bxc6 bxc6 8. Qxd4 Ba6 9. Nbd2 Qb6 10. Nb3 Be7 11. Qg4 g6 12. Bh6 Qb5 13. Nfd4 Qc4 14. Qf3 c5 15. Nc2 Rb8 16. Na3 Qh4 17. Bd2 0-0 18. g3 Qh3 19. 0-0-0 f6 20. Qe4 fxe5 21. Qxe5 Qf5 22. Qxf5 Rxf5 23. f4 g5 24. fxg5 Be2 25. Rde1 Bd3 26. g4 Rf2 27. h4 c4 28. Nd4 Bxa3 29. bxa3 Rb1# 0-1

[Event "Titled Tuesday intern op 12th Mar Late"]
[Site "Chess.com INT"]
[Date "2024.03.12"]
[Round "4"]
[White "Gubajdullin, Alexey"]
[Black "Sjugirov, Sanan"]
[Result "0-1"]
[WhiteElo "2244"]
[BlackElo "2690"]
[PlyCount "86"]
[EventDate "2024.03.12"]
[EventType "swiss (blitz)"]
[EventRounds "11"]
[EventCountry "USA"]
[SourceTitle "CB12_2024"]
[SourceDate "2023.10.01"]
[SourceVersion "1"]
[SourceVersionDate "2023.10.01"]
[SourceQuality "1"]

1. d4 Nf6 2. Nf3 b6 3. Bf4 Bb7 4. e3 g6 5. Be2 Bg7 6. 0-0 0-0 7. h3 d6 8. a4 a5 9. Nc3 Nbd7 10. Bh2 e6 11. Nd2 e5 12. Bf3 Bxf3 13. Qxf3 Re8 14. Qc6 Rc8 15. Nb5 d5 16. c4 Re6 17. Qb7 c6 18. dxe5 cxb5 19. exf6 Nxf6 20. c5 Rxc5 21. Nb3 Re7 22. Nxc5 Rxb7 23. Nxb7 Qd7 24. Nd6 bxa4 25. Rac1 Bf8 26. Be5 Qe6 27. Bxf6 Qxf6 28. Ne8 Qxb2 29. Rc8 a3 30. g4 h6 31. h4 a2 32. g5 hxg5 33. hxg5 a1Q 34. Rxa1 Qxa1+ 35. Kg2 Qe5 36. Nf6+ Kg7 37. Ne8+ Kh8 38. f4 Qe4+ 39. Kf2 d4 40. Nf6 Qxe3+ 41. Kf1 Qxf4+ 42. Ke1 Qe3+ 43. Kd1 Qe7 0-1

[Event "Titled Tuesday intern op 27th Feb Late"]
[Site "Chess.com INT"]
[Date "2024.02.27"]
[Round "4"]
[White "Sjugirov, Sanan"]
[Black "Stefansson, Vignir Vatnar"]
[Result "1-0"]
[WhiteElo "2695"]
[BlackElo "2464"]
[PlyCount "181"]
[EventDate "2024.02.27"]
[EventType "swiss (blitz)"]
[EventRounds "11"]
[EventCountry "USA"]
[SourceTitle "CB10_2024"]
[SourceDate "2024.03.06"]
[SourceVersion "1"]
[SourceVersionDate "2024.03.06"]
[SourceQuality "1"]

1. e4 e5 2. Nf3 Nc6 3. Bb5 Nf6 4. d3 Bc5 5. Bxc6 dxc6 6. Nbd2 Qe7 7. Nc4 Bd6 8. h3 b5 9. Ne3 Be6 10. 0-0 Nd7 11. a4 0-0 12. Nf5 Qf6 13. Bg5 Qg6 14. N5h4 Qh5 15. g4 Bxg4 16. hxg4 Qxg4+ 17. Ng2 f5 18. Be3 f4 19. Bd2 h5 20. Nh2 Qg5 21. Kh1 Nf6 22. Qf3 Qh6 23. Nh4 g5 24. Nf5 Qg6 25. Qh3 g4 26. Qh4 Kf7 27. Bc3 Ke6 28. Rae1 b4 29. Bd2 c5 30. Rg1 Ng8 31. Nf3 Nh6 32. Qg5 Rf6 33. Qxg6 Rxg6 34. N3h4 Rf6 35. Nxh6 Rxh6 36. Nf5 Rf6 37. Kg2 Rh8 38. Rh1 Be7 39. Ng7+ Kf7 40. Nf5 Kf8 41. Rh2 Rf7 42. Reh1 Rfh7 43. c3 b3 44. f3 g3 45. Rh3 Bf6 46. d4 cxd4 47. cxd4 Kf7 48. Bc3 exd4 49. Nxd4 c5 50. Nf5 Bxc3 51. bxc3 Kf6 52. Nd6 Ke5 53. Nc4+ Ke6 54. Rh4 Rb7 55. Rxf4 h4 56. Rfxh4 Rxh4 57. Rxh4 b2 58. Nxb2 Rxb2+ 59. Kxg3 Rb3 60. Rh6+ Ke5 61. Rh5+ Kd6 62. Rh6+ Ke5 63. c4 Rb4 64. Ra6 Rxc4 65. Rxa7 Rc1 66. Re7+ Kd6 67. Re8 c4 68. Rc8 Kd7 69. Rc5 Kd6 70. Rd5+ Ke6 71. Kf4 Ra1 72. Re5+ Kd6 73. Rd5+ Kc6 74. Ke5 Rxa4 75. Rd8 Kc7 76. Rd1 Ra5+ 77. Kd4 Ra3 78. f4 Rf3 79. f5 Kd6 80. Ra1 c3 81. Ra6+ Ke7 82. Rc6 Kd7 83. Rxc3 Rf1 84. Ke5 Re1 85. Rd3+ Kc6 86. Rh3 Ra1 87. f6 Kc5 88. f7 Rf1 89. Ke6 Kd4 90. Ke7 Kxe4 91. f8Q 1-0

[Event "Titled Tuesday intern op 13th Feb Early"]
[Site "Chess.com INT"]
[Date "2024.02.13"]
[Round "3"]
[White "Kunal, M."]
[Black "Sjugirov, Sanan"]
[Result "0-1"]
[WhiteElo "2250"]
[BlackElo "2695"]
[PlyCount "100"]
[EventDate "2024.02.13"]
[EventType "swiss (blitz)"]
[EventRounds "11"]
[EventCountry "USA"]
[SourceTitle "CB08_2024"]
[SourceDate "2024.02.21"]
[SourceVersion "1"]
[SourceVersionDate "2024.02.21"]
[SourceQuality "1"]

1. e4 c5 2. Nf3 d6 3. Bb5+ Bd7 4. Bxd7+ Qxd7 5. c4 Nf6 6. Nc3 Nc6 7. d4 cxd4 8. Nxd4 e6 9. 0-0 Be7 10. b3 0-0 11. Bb2 a6 12. a4 Rac8 13. Rc1 Qc7 14. Nd5 Qd8 15. Nxc6 Rxc6 16. Nxe7+ Qxe7 17. Qd4 e5 18. Qd3 Rfc8 19. Rfd1 Qe6 20. h3 h6 21. Ba3 Ne8 22. Qd5 Qxd5 23. cxd5 Rc3 24. Bb2 Rc2 25. Ba3 Kf8 26. Bb4 Ke7 27. Rxc2 Rxc2 28. Rd3 Nf6 29. f3 Kd7 30. Rc3 Rb2 31. Ba5 Ne8 32. h4 h5 33. Bb6 g6 34. a5 f5 35. exf5 gxf5 36. g4 fxg4 37. fxg4 hxg4 38. h5 Ke7 39. h6 Kf7 40. h7 Kg7 41. Rc8 Kxh7 42. Rxe8 Kg6 43. Re6+ Kf5 44. Rxd6 Rxb3 45. Rd7 Rd3 46. Rf7+ Ke4 47. Rxb7 Rxd5 48. Kg2 Rd3 49. Rg7 Rd2+ 50. Kg3 Rb2 0-1

[Event "Titled Tuesday intern op 13th Feb Early"]
[Site "Chess.com INT"]
[Date "2024.02.13"]
[Round "6"]
[White "Sjugirov, Sanan"]
[Black "Tomczak, Jacek"]
[Result "1-0"]
[WhiteElo "2695"]
[BlackElo "2598"]
[PlyCount "95"]
[EventDate "2024.02.13"]
[EventType "swiss (blitz)"]
[EventRounds "11"]
[EventCountry "USA"]
[SourceTitle "CB08_2024"]
[SourceDate "2024.02.21"]
[SourceVersion "1"]
[SourceVersionDate "2024.02.21"]
[SourceQuality "1"]

1. e4 e6 2. d4 d5 3. e5 c5 4. c3 Nc6 5. Nf3 Qb6 6. a3 f6 7. Bd3 fxe5 8. dxe5 c4 9. Bc2 g6 10. 0-0 Bg7 11. Re1 Nh6 12. Bxh6 Bxh6 13. b3 cxb3 14. Bxb3 0-0 15. c4 Na5 16. Ba2 Nxc4 17. Bxc4 dxc4 18. Nc3 Qb3 19. Qd4 b6 20. Rab1 Qxa3 21. Qxc4 Qc5 22. Qb3 Bb7 23. Qxe6+ Kh8 24. Ne4 Bxe4 25. Rxe4 Rae8 26. Qg4 a5 27. h4 Rf5 28. Rc4 Qd5 29. Rxb6 Ref8 30. Qd4 Qxd4 31. Rxd4 Bg7 32. Rb5 Re8 33. Rxa5 Kg8 34. Rd7 h6 35. Raa7 Bxe5 36. Nxe5 Rexe5 37. Rg7+ Kf8 38. Rxg6 Re1+ 39. Kh2 Rxf2 40. Rxh6 Kg8 41. Rg6+ Kh8 42. Rh6+ Kg8 43. Rhh7 Ree2 44. Rag7+ Kf8 45. h5 Re5 46. h6 Rh5+ 47. Kg3 Rxh6 48. Kxf2 1-0

[Event "Titled Tuesday intern op 23rd Jan Late"]
[Site "Chess.com INT"]
[Date "2024.01.23"]
[Round "4"]
[White "Kalavannan, Koby"]
[Black "Sjugirov, Sanan"]
[Result "0-1"]
[WhiteElo "2324"]
[BlackElo "2695"]
[PlyCount "88"]
[EventDate "2024.01.23"]
[EventType "swiss (blitz)"]
[EventRounds "11"]
[EventCountry "USA"]
[SourceTitle "CB05_2024"]
[SourceDate "2024.01.31"]
[SourceVersion "1"]
[SourceVersionDate "2024.01.31"]
[SourceQuality "1"]

1. d4 Nf6 2. c4 g6 3. Nc3 Bg7 4. e4 d6 5. Be2 0-0 6. Be3 Nc6 7. d5 Ne5 8. h3 c6 9. f4 Ned7 10. Bf3 cxd5 11. cxd5 b5 12. Nge2 b4 13. Na4 Ba6 14. 0-0 Qa5 15. Rf2 Bb5 16. b3 Bxa4 17. bxa4 Nc5 18. Nd4 Nfxe4 19. Rc2 Nc3 20. Qe1 Qxa4 21. Qd2 Rac8 22. Re1 Rfe8 23. Bf2 Qd7 24. Bg4 f5 25. Bf3 N5e4 26. Qd3 Nc5 27. Qd2 N3e4 28. Qd1 a5 29. Nc6 Bc3 30. Ree2 a4 31. Bd4 Bxd4+ 32. Qxd4 b3 33. axb3 axb3 34. Rb2 e6 35. Nb4 e5 36. fxe5 dxe5 37. Qc4 Nd6 38. Qh4 e4 39. Bg4 Nd3 40. Nxd3 exd3 41. Rxe8+ Rxe8 42. Bd1 Qa7+ 43. Qf2 Re1+ 44. Kh2 Qxf2 0-1

[Event "Titled Tuesday intern op 16th Jan Early"]
[Site "Chess.com INT"]
[Date "2024.01.16"]
[Round "3"]
[White "Dubnevych, Maksym"]
[Black "Sjugirov, Sanan"]
[Result "0-1"]
[WhiteElo "2340"]
[BlackElo "2695"]
[PlyCount "84"]
[EventDate "2024.01.16"]
[EventType "swiss (blitz)"]
[EventRounds "11"]
[EventCountry "USA"]
[SourceTitle "CB04_2024"]
[SourceDate "2023.10.16"]
[SourceVersion "1"]
[SourceVersionDate "2023.10.16"]
[SourceQuality "1"]

1. d4 Nf6 2. Nc3 d5 3. Bf4 Bf5 4. e3 c6 5. Nf3 e6 6. Ne5 h6 7. g4 Bh7 8. h4 Nbd7 9. g5 Nxe5 10. gxf6 Ng6 11. fxg7 Bxg7 12. Bg3 Ne7 13. h5 Nf5 14. Bf4 Qb6 15. Na4 Qa5+ 16. c3 Qd8 17. Bd3 Qe7 18. Nc5 b6 19. Na6 Rc8 20. Qe2 c5 21. Bb5+ Kf8 22. Be5 Bxe5 23. dxe5 Rg8 24. 0-0-0 d4 25. e4 Qg5+ 26. Kb1 Ne7 27. cxd4 cxd4 28. Rxd4 Qxe5 29. Rhd1 Rg5 30. a4 Kg7 31. Qe3 Rg4 32. f3 Rg2 33. f4 Qxh5 34. Rd7 Nd5 35. Qd4+ Kg8 36. Ka1 Bxe4 37. Re1 Bg6 38. Nb4 Nxb4 39. Qxb4 Qc5 40. Qb3 Qc2 41. Qxc2 Rcxc2 42. Red1 Rxb2 0-1